Normal view
MARC view
- التصوف الاسلامي- الوعظ والارشاد
Entry Topical Term
001 - CONTROL NUMBER
- control field: 37767
003 - CONTROL NUMBER IDENTIFIER
- control field: JO-AjAnu
005 - DATE AND TIME OF LATEST TRANSACTION
- control field: 20230606080308.0
008 - FIXED-LENGTH DATA ELEMENTS
- fixed length control field: 230606|| aca||aabn | a|a d
040 ## - CATALOGING SOURCE
- Original cataloging agency: JO-AjAnu
- Transcribing agency: JO-AjAnu
150 ## - HEADING--TOPICAL TERM
- Topical term or geographic name entry element: التصوف الاسلامي- الوعظ والارشاد
670 ## - SOURCE DATA FOUND
- Source citation: Work cat.: (JO-AjAnu)19377: الغزالي، محمد بن محمد ؛ تقديم وتحقيق وتعليق: محمد مصطفى أبو العلا، محمد محمد جابر, author 37766, المنقذ من الضلال ومعه كيمياء السعادة والقواعد العشرة و الأدب في الدين